| 000 | 00832nam a2200265Ia 4500 | ||
|---|---|---|---|
| 003 | OSt | ||
| 005 | 20220918111926.0 | ||
| 006 | a|||||r|||| 00| 0 | ||
| 007 | ta | ||
| 008 | 220915b |||||||| |||| 00| 0 eng d | ||
| 024 | _a32511 | ||
| 037 | _cTextbook | ||
| 040 |
_beng _aARTS _cARTS |
||
| 041 | _aeng | ||
| 082 | _aO111,3M43,36, L5 | ||
| 100 |
_aJames Henry _911257 |
||
| 245 | 0 | _aPortrait of a lady : an authoritative text Henry James and the novel reviews and criticism ed. by Robert D Bamberg | |
| 260 |
_aNew York _bW W Norton and Co. USA |
||
| 300 |
_aix,757p. _ccm. |
||
| 490 | _aNorton critical edition | ||
| 650 | _aENGLISH LITERATURE | ||
| 700 |
_a Bamberg Robert D. Ed. _911258 |
||
| 942 |
_hO111,3M43,36, L5 _cTB _2CC |
||
| 999 |
_c117279 _d117279 |
||